000 00573nam a22002177a 4500
003 OSt
005 20240702121919.0
008 240702b |||||||| |||| 00| 0 eng d
020 _a978-81-312-4887-4
040 _cTrident
082 _a610
_bANT
100 _aBelavendra Antonisamy
_945392
245 _aPrinciples and Practice of Biostatistics
250 _a1st
260 _aNew Delhi
_bElsevir
_c2017
300 _axii,373;
500 _abook.01
650 _aBio Medical
_942048
700 _aPrasannaS.Premkumar,Soloman Christopher
_945393
942 _2ddc
_cBK
_n0
999 _c61122
_d61122